000 00284nam a2200121Ia 4500
008 260210s9999 xx 000 0 und d
020 _a9781394173563
100 _aMITTON.M
245 0 _aINTERIOR DESIGN VISUAL PRESENTATION
260 _bJOHN WILEY
260 _c2024
942 _cBDES
999 _c14060
_d14060